| 000 | 00416cam a22001337a 4500 | ||
|---|---|---|---|
| 008 | 180718b1982 xxu||||| |||| 00| 0 eng d | ||
| 082 | _aAPPPA 81-82 MIT | ||
| 100 | _aMittal, V.P. | ||
| 245 |
_aIndia's double taxing avoidance agreements _cby V.P. Mittal |
||
| 260 |
_aNew Delhi _bIndian Institute of Public Administration _c1982 |
||
| 300 | _av.p. | ||
| 650 | _aAvoidance agreements | ||
| 650 | _aIndia's double taxing | ||
| 999 |
_c501330 _d501330 |
||